[Event "45th Olympiad Budapest 2024"]
[Site "Budapest"]
[Date "2024.09.13"]
[Round "3"]
[Board "4"]
[White "Natsheh, Wajd"]
[Black "Durrfeld, Sofie Bech"]
[Result "0-1"]
[WhiteElo "1739"]
[BlackElo "1937"]
[PlyCount "88"]
[EventDate "2024.09.11"]
[EventType "team-tourn"]
[EventRounds "11"]
[EventCountry "HUN"]
[WhiteTeam "Palestine"]
[BlackTeam "Denmark"]
[WhiteTeamCountry "PLE"]
[BlackTeamCountry "DEN"]

1. d4 {[%emt 0:00:01]} Nf6 {[%emt 0:00:07]} 2. Bg5 {[%emt 0:00:16]} Ne4 {[%emt 0:01:39]} 3. Bf4 {[%emt 0:00:15]} d5 {[%emt 0:01:05]} 4. f3 {[%emt 0:00:23]} Nd6 {[%emt 0:01:27]} 5. Nc3 {[%emt 0:00:55]} e6 {[%emt 0:01:11]} 6. e4 {[%emt 0:02:18]} c6 {[%emt 0:02:47]} 7. Bd3 {[%emt 0:03:05]} Qb6 {[%emt 0:02:28]} ({RR} 7... Nd7 8. Nge2 Be7 9. O-O b5 10. Ng3 Nc4 11. Bxc4 bxc4 12. exd5 exd5 13. Nf5 O-O 14. Nxe7+ Qxe7 15. Re1 Qf6 16. Qd2 Nb6 17. b4 Bf5 18. Bg3 h5 19. a4 h4 20. Bc7 Rfc8 21. Bxb6 axb6 22. a5 {1-0 Andreikin,D (2712)-Mamedyarov,S (2799) Huaian IMSA rapid 2nd 2017 (6)}) ({RR} 7... a6 8. Qd2 Nd7 9. Nge2 b5 10. a3 Bb7 11. b3 Rc8 12. O-O Be7 13. Rae1 O-O 14. Ng3 Qb6 15. Nce2 c5 16. c3 b4 17. axb4 cxb4 18. cxb4 Nb5 19. Be3 Na3 20. Ra1 Bxb4 21. Qd1 Nb5 22. Kh1 {1-0 Hoffmann,A (2185)-Slovineanu,V (2412) Titled Tue 9th Jul Early 2024 (5)}) 8. Nge2 {[%emt 0:05:30]} Be7 {[%emt 0:06:39]} 9. O-O {[%emt 0:02:47]} Nd7 {[%emt 0:04:23]} 10. Na4 $146 {[%emt 0:05:44]} ({RR} 10. Kh1 Nf8 11. Bd2 Ng6 12. b4 O-O 13. a4 Nc4 14. Bxc4 dxc4 15. Rb1 Rd8 16. Qe1 Qc7 17. Nd1 e5 18. dxe5 Qxe5 19. Bc3 Qh5 20. Ne3 b5 21. f4 Bh4 22. Ng3 Qh6 23. f5 Nf4 24. Rf3 Nh5 {1-0 Guarin Fonseca,N (1787)-Crispin Ferreras,D (2131) XXX Feria de las Flores 2023 (2.18)}) 10... Qd8 {[%emt 0:02:10]} 11. Qe1 {[%emt 0:01:16]} g5 {[%emt 0:04:58]} 12. Bxd6 {[%emt 0:01:50]} Bxd6 {[%emt 0:00:07]} 13. e5 {[%emt 0:00:06]} Bc7 {[%emt 0:02:23]} 14. f4 {[%emt 0:00:22]} b5 {[%emt 0:01:23]} 15. Nac3 {[%emt 0:00:49]} Bb7 {[%emt 0:01:59]} 16. f5 {[%emt 0:00:18]} Qe7 {[%emt 0:02:25]} 17. a4 {[%emt 0:08:15]} b4 {[%emt 0:01:17]} 18. Na2 {[%emt 0:00:44]} c5 {[%emt 0:06:31]} 19. c3 {[%emt 0:09:08]} b3 {[%emt 0:03:41]} 20. Nac1 {[%emt 0:00:09]} c4 {[%emt 0:00:22]} 21. Bb1 {[%emt 0:00:09]} f6 {[%emt 0:00:27]} 22. Ng3 {[%emt 0:05:49]} fxe5 {[%emt 0:06:35]} 23. fxe6 {[%emt 0:00:42]} Qxe6 {[%emt 0:02:06]} 24. Bf5 {[%emt 0:01:32]} Qd6 {[%emt 0:03:38]} 25. dxe5 {[%emt 0:08:55]} Nxe5 {[%emt 0:06:44]} 26. Nce2 {[%emt 0:00:51]} O-O {[%emt 0:07:17]} 27. Nd4 {[%emt 0:01:52]} Rae8 {[%emt 0:01:03]} 28. Qd2 {[%emt 0:00:31]} h6 {[%emt 0:01:11]} 29. Nb5 {[%emt 0:06:19]} Qb6+ {[%emt 0:03:00]} 30. Nd4 {[%emt 0:01:28]} Ng6 {[%emt 0:03:17]} 31. a5 {[%emt 0:02:11]} Qd6 {[%emt 0:03:38]} 32. Bg4 {[%emt 0:09:43]} Nf4 {[%emt 0:03:34]} 33. Kh1 {[%emt 0:04:43]} Bc8 {[%emt 0:05:01]} 34. Bf3 {[%emt 0:03:14]} g4 {[%emt 0:03:15]} 35. Nb5 {[%emt 0:01:25]} gxf3 {[%emt 0:03:40]} 36. Nxd6 {[%emt 0:00:57]} fxg2+ {[%emt 0:00:09]} 37. Kg1 {[%emt 0:00:28]} gxf1=Q+ {[%emt 0:01:08]} 38. Rxf1 {[%emt 0:00:29]} Bxd6 {[%emt 0:00:56]} 39. Qd4 {[%emt 0:05:39]} Nh3+ {[%emt 0:03:11]} 40. Kh1 {[%emt 0:01:22]} Rxf1+ {[%emt 0:00:43]} 41. Nxf1 {[%emt 0:00:18]} Be6 {[%emt 0:03:59]} 42. Qf6 {[%emt 0:05:27]} Kh7 {[%emt 0:02:16]} 43. Ne3 {[%emt 0:05:14]} Rg8 {[%emt 0:03:28]} 44. Ng2 {[%emt 0:02:05]} Rf8 {[%emt 0:00:32]} 0-1

[Event "45th Olympiad Budapest 2024"]
[Site "Budapest"]
[Date "2024.09.13"]
[Round "3"]
[Board "3"]
[White "Cho, Yeonhee"]
[Black "Jacimovic, Sara"]
[Result "0-1"]
[WhiteElo "1696"]
[BlackElo "1981"]
[PlyCount "108"]
[EventDate "2024.09.11"]
[EventType "team-tourn"]
[EventRounds "11"]
[EventCountry "HUN"]
[WhiteTeam "South Korea"]
[BlackTeam "Bosnia & Herzegovina"]
[BlackTeamCountry "BIH"]

1. e4 {[%emt 0:00:02]} e5 {[%emt 0:00:04]} 2. Nf3 {[%emt 0:00:05]} Nc6 {[%emt 0:00:06]} 3. Be2 {[%emt 0:00:14]} Nf6 {[%emt 0:01:40]} 4. Nc3 {[%emt 0:00:06]} Bc5 {[%emt 0:01:36]} 5. Nxe5 {[%emt 0:00:11]} Nxe5 {[%emt 0:13:49]} 6. d4 {[%emt 0:00:08]} Bd6 {[%emt 0:01:52]} 7. dxe5 {[%emt 0:00:10]} Bxe5 {[%emt 0:00:07]} 8. Nb5 {[%emt 0:01:20]} a6 {[%emt 0:12:53]} 9. f4 {[%emt 0:05:07]} Bxf4 {[%emt 0:04:05]} ({RR} 9... axb5 10. fxe5 Nxe4 11. Qd4 d5 12. exd6 Nxd6 13. Qxg7 Rf8 14. Bh6 Qh4+ 15. g3 Qe7 16. O-O Be6 17. Qxf8+ Qxf8 18. Bxf8 Kxf8 19. Bd3 h5 20. a3 Ke7 21. Rae1 Rg8 22. Rf4 Rg5 23. Kf2 c5 24. Be4 {1-0 Stoettner,L (2202)-Jackson,P (2039) Titled Tue 20th Aug Late 2024 (8)}) 10. Bxf4 {[%emt 0:01:14]} axb5 {[%emt 0:00:23]} 11. e5 {[%emt 0:04:47]} Ne4 $146 {[%emt 0:05:40]} ({RR} 11... Ng8 12. O-O Ne7 13. Bg5 O-O 14. Bd3 h6 15. Bh4 Qe8 16. Qf3 Ng6 17. Bxg6 fxg6 18. Qd5+ Kh7 19. Rxf8 Qxf8 20. Rf1 Qb4 21. Bf6 d6 22. Qf7 {1-0 Dahl,T (2125)-Wik,B (1810) Ostersund Hurtigfeiden op 2016 (2)}) ({RR} 11... Ng8 12. O-O Ne7 13. Bxb5 O-O 14. Bd3 Ng6 15. Bg3 Qg5 16. Rf5 Qe3+ 17. Bf2 Qh6 18. g3 d6 19. Rh5 {1-0 Mammadov,Z (2417)-Kakabayaev,M (2285) Titled Tuesday intern op 7th July blitz 2020 (9)}) ({RR} 11... Ng8 12. Bxb5 Ne7 13. O-O O-O 14. Bg5 c6 15. Bd3 Qb6+ 16. Kh1 Ng6 17. Bxg6 hxg6 18. Qd6 Qxb2 19. a4 Qxc2 20. a5 Qc4 21. Rf4 Qc3 22. Rfa4 Re8 23. Be7 Qb3 24. Rh4 Rxa5 25. Rf1 Rd5 26. Qc7 {0-1 Sarenac,I (2388)-Heinemann,J (2295) Titled Tuesday intern op 5th June blitz 2018 (6)}) 12. Qd5 {[%emt 0:11:44]} Ng5 {[%emt 0:02:39]} 13. O-O {[%emt 0:10:26]} Ne6 {[%emt 0:05:14]} 14. Be3 {[%emt 0:05:59]} Qe7 {[%emt 0:05:47]} 15. Rf3 {[%emt 0:10:55]} c6 {[%emt 0:03:19]} 16. Qd6 {[%emt 0:05:56]} Qxd6 {[%emt 0:04:09]} 17. exd6 {[%emt 0:00:05]} Ra4 {[%emt 0:04:34]} 18. c3 {[%emt 0:02:37]} O-O {[%emt 0:04:03]} 19. a3 {[%emt 0:03:46]} Ra6 {[%emt 0:03:04]} 20. Rd1 {[%emt 0:03:48]} Re8 {[%emt 0:02:49]} 21. Bd3 {[%emt 0:02:12]} Ra4 {[%emt 0:04:25]} 22. Bc2 {[%emt 0:06:03]} Ra6 {[%emt 0:02:25]} 23. Bb3 {[%emt 0:05:03]} b6 {[%emt 0:02:19]} 24. Rdf1 {[%emt 0:05:00]} Rf8 {[%emt 0:03:41]} 25. Rd1 {[%emt 0:07:37]} Re8 {[%emt 0:03:10]} 26. Bc1 {[%emt 0:03:21]} c5 {[%emt 0:02:30]} 27. Bd5 {[%emt 0:01:53]} Ra7 {[%emt 0:00:52]} 28. Re3 {[%emt 0:02:24]} Bb7 {[%emt 0:01:52]} 29. Bxe6 {[%emt 0:01:47]} Rxe6 {[%emt 0:00:25]} 30. Rxe6 {[%emt 0:00:22]} fxe6 {[%emt 0:00:02]} 31. Bg5 {[%emt 0:00:33]} Ra8 {[%emt 0:03:29]} 32. Be7 {[%emt 0:00:13]} Bd5 {[%emt 0:00:59]} 33. Re1 {[%emt 0:00:24]} Kf7 {[%emt 0:00:59]} 34. Rf1+ {[%emt 0:00:08]} Kg6 {[%emt 0:00:10]} 35. h4 {[%emt 0:01:29]} h5 {[%emt 0:00:21]} 36. Kh2 {[%emt 0:00:19]} Be4 {[%emt 0:00:11]} 37. Kg3 {[%emt 0:00:56]} Bf5 {[%emt 0:00:09]} 38. Re1 {[%emt 0:00:24]} b4 {[%emt 0:01:15]} 39. axb4 {[%emt 0:00:34]} cxb4 {[%emt 0:00:03]} 40. cxb4 {[%emt 0:00:27]} Ra4 {[%emt 0:00:15]} 41. Re2 {[%emt 0:00:36]} Rxb4 {[%emt 0:00:17]} 42. Kf2 {[%emt 0:05:26]} Rd4 {[%emt 0:02:22]} 43. Kg3 {[%emt 0:04:02]} b5 {[%emt 0:00:12]} 44. Re5 {[%emt 0:05:49]} b4 {[%emt 0:00:31]} 45. Re3 {[%emt 0:05:31]} Bc2 {[%emt 0:02:37]} 46. Kh3 {[%emt 0:08:21]} b3 {[%emt 0:01:16]} 47. Re5 {[%emt 0:02:25]} Bf5+ {[%emt 0:00:24]} 48. Kg3 {[%emt 0:01:18]} Rd2 {[%emt 0:00:22]} 49. Rb5 {[%emt 0:00:31]} Rxb2 {[%emt 0:00:13]} 50. Bg5 {[%emt 0:00:41]} Be4 {[%emt 0:01:09]} 51. Bc1 {[%emt 0:00:43]} Rxg2+ {[%emt 0:01:37]} 52. Kh3 {[%emt 0:00:27]} Rc2 {[%emt 0:01:51]} 53. Ba3 {[%emt 0:00:31]} Bd5 {[%emt 0:00:41]} 54. Rb4 {[%emt 0:00:31]} Kf5 {[%emt 0:00:53]} 0-1

[Event "45th Olympiad Budapest 2024"]
[Site "Budapest"]
[Date "2024.09.13"]
[Round "3"]
[Board "4"]
[White "Mimic, Sofija"]
[Black "Kim, Sarang"]
[Result "0-1"]
[WhiteElo "1809"]
[BlackElo "1732"]
[PlyCount "84"]
[EventDate "2024.09.11"]
[EventType "team-tourn"]
[EventRounds "11"]
[EventCountry "HUN"]
[WhiteTeam "Bosnia & Herzegovina"]
[BlackTeam "South Korea"]
[WhiteTeamCountry "BIH"]

1. e4 {[%emt 0:00:06] Meyer,Claus Dieter} e6 {[%emt 0:00:05]} 2. d4 {[%emt 0:00:05]} d5 {[%emt 0:00:06]} 3. Nc3 {[%emt 0:00:07]} Bb4 {[%emt 0:00:08]} 4. e5 {[%emt 0:08:39]} c5 {[%emt 0:00:08]} 5. Bd2 {[%emt 0:00:51]} cxd4 {[%emt 0:01:57]} ({RR} 5... Ne7 6. Nb5 Bxd2+ 7. Qxd2) 6. Nb5 {[%emt 0:00:40]} Bc5 {[%emt 0:23:16]} ({RR} 6... Bf8 7. Nxd4 Nc6 8. Ngf3 Nge7 9. Bd3 Nxd4 10. Nxd4 Nc6 11. Nf3 Qc7 12. Qe2 Bc5 13. c3) 7. b4 {[%emt 0:06:18]} ({RR} 7. Qg4) 7... Be7 {[%emt 0:06:48]} ({RR} 7... Bf8 8. Nxd4 Ne7 9. Ngf3 Nec6 ({RR} 9... Nbc6 10. Bd3 Ng6 ({RR} 10... Nxd4 11. Nxd4 Nc6 12. Nxc6 bxc6 13. O-O) 11. Nxc6 bxc6 12. O-O) 10. a3 Nd7 ({RR} 10... Nxd4 11. Nxd4 Nc6) 11. Nxc6 bxc6 12. c4 Be7 13. cxd5 cxd5 14. Bd3 a5 15. O-O O-O 16. Re1 ({RR} 16. b5) ({RR} 16. Qc2) 16... axb4 17. axb4 Bb7 18. Rxa8 Bxa8 ({RR} 18... Qxa8 19. Ng5 ({RR} 19. Qb1 h6 20. Qb2 Nb6 21. Ra1 ({RR} 21. Qd4 Nc4) 21... Qb8 22. Qd4 Nc4) 19... Bxg5 ({RR} 19... h6 20. Bh7+ Kh8 21. Bb1 Bxg5 ({RR} 21... Kg8 22. Qc2 g6 23. Nxf7) 22. Bxg5) ({RR} 19... g6 20. Nxh7 Kxh7 21. Qh5+ Kg7 22. Qh6+ Kg8 23. Bxg6 fxg6 24. Qxg6+ Kh8 25. Qxe6 d4 ({RR} 25... Qd8 26. Qh6+ Kg8 27. Qg6+ Kh8 28. Re3) 26. Qh6+ Kg8 27. Qg6+ Kh8 28. Qh5+ Kg8 29. Qg4+ Kh8 30. Qh3+ Kg8 31. Bh6) 20. Bxg5) 19. Qc2 h6 20. Rc1 Nb6 21. Nd4 Qb8 ({RR} 21... Nd7 22. Qc7 ({RR} 22. f4 Qb6 23. Qc3 ({RR} 23. Qb2 Nc5) 23... Bb7 24. Rb1 Rc8 25. Qb2) 22... Qxc7 23. Rxc7 Nxe5 24. Rxe7 Nxd3 25. f4 Rb8 ({RR} 25... g5 26. fxg5 e5 27. Nf3 hxg5 28. Nxe5 Nxe5 29. Rxe5 f6 30. Re7 d4 31. Rd7 Re8 32. Rxd4 Re2 33. Rd8+ Kg7 34. Rxa8 Rxd2 35. b5 Rb2 36. Rb8) 26. b5 g5 27. fxg5 e5 28. Nf5 hxg5 29. Bxg5 d4 30. h4) ({RR} 21... Nc4 22. Bxc4 dxc4 23. Qxc4 Qb6 24. b5 ({RR} 24. Nc6 Qxc6 25. Qxc6 Bxc6 26. Rxc6 Rd8 27. Rc2 Bxb4) ({RR} 24. Nf3 Rd8 25. Qc7 Qxc7 26. Rxc7 Bxf3 27. gxf3 Rxd2 28. Rxe7 Rd5) 24... Ba3 25. Rb1 ({RR} 25. Bb4 Bd5 26. Qc3 Bxc1 27. Bxf8 Kxf8 28. Qxc1 Qxd4 29. Qc8+) ({RR} 25. Rc3 Bd5 26. Qd3 Bb2) 25... Bd5 26. Qc3 Bc5 27. Be3 Ba2 28. Rb2 Rd8 29. Rxa2 Bxd4 30. Bxd4 Rxd4 31. h3 Rd1+ 32. Kh2 Qxb5 33. Ra8+ Kh7 34. Qc2+ ({RR} 34. Qc7 Rd7) 34... Qd3) 22. Qc7 {1-0 Hracek,Z (2636)-Nikolic,P (2620) Bundesliga 1314 2013 (1.4)} {RR} Re8 23. b5 Ba3 24. Qxb8 Rxb8 25. Rc2 Nc4 ({RR} 25... Rc8 26. Nc6 Kf8 27. Be3) 26. Bxc4 dxc4 27. Rxc4 Bd5 28. Rc7) 8. Qg4 {[%emt 0:10:59]} g6 {[%emt 0:01:03]} ({RR} 8... Kf8 9. Nxd4 Nc6 10. Nxc6 bxc6 11. Bd3 Nh6 12. Qh3 Nf5 13. Ne2 Qb6 14. O-O Ba6 15. Nf4 Bxd3 16. Nxd3 h5 17. a4 g5 18. g4 Nd4 19. Be3 Ne2+ 20. Kh1 d4 21. Qf3 hxg4 22. Qxe2 dxe3 23. Qxg4 {½-½ Hong,M (1622)-Yan,Z (1390) Chinese Youth U14 2024 (9.16)}) 9. Qxd4 $146 {[%emt 0:05:08]} ({RR} 9. Nf3 Nc6 10. a3 a6 11. Nbxd4 Qc7 12. Bf4 Nxd4 13. Nxd4 Qc3+ 14. Bd2 Qxa1+ 15. Ke2 Qxa3 {0-1 Krueger,A-Haversick,A Schleswig Holstein-ch 47th 1992}) ({RR} 9. Nf3 f5 10. Qf4 Nc6 11. Rb1 a6 12. Nbxd4 Qb6 13. c3 Bd7 14. Bd3 h6 15. g4 Nxd4 16. Qxd4 Qxd4 17. Nxd4 Bg5 18. h4 Bxd2+ 19. Kxd2 Ne7 20. h5 g5 21. gxf5 exf5 22. e6 Bc6 23. f4 gxf4 {1-0 Pesztericz,L (2065)-Galbavy,D (1943) SVK-ch op Banska Stiavnica 2015 (4)}) ({RR} 9. Nf3 Nc6 10. a3 h5 11. Qg3 Qb6 12. Bg5 Bf8 13. Bd3 Bd7 14. O-O Nxb4 15. Nd6+ Bxd6 16. exd6 Nxd3 17. cxd3 Nh6 18. Rab1 Qa6 19. Qe5 Rh7 20. Be7 Ng4 21. Qxd4 f6 22. h3 Qc6 23. Rfc1 e5 {1-0 Alvarez Gamez,I (2025)-Otero Martinez,D (1960) COL-ch blitz 2015 (17)}) 9... Nc6 {[%emt 0:04:25]} 10. Qb2 {[%emt 0:04:57]} a6 {[%emt 0:03:06]} 11. Na3 {[%emt 0:03:15]} Nxe5 {[%emt 0:01:19]} 12. f4 {[%emt 0:04:44]} Nd7 {[%emt 0:05:40]} 13. Qxh8 {[%emt 0:09:48]} Ndf6 {[%emt 0:00:06]} 14. Bc3 {[%emt 0:01:43]} Kf8 {[%emt 0:00:06]} 15. Nf3 {[%emt 0:10:16]} Qb6 {[%emt 0:02:01]} 16. O-O-O {[%emt 0:03:58]} a5 {[%emt 0:01:13]} 17. Ng5 {[%emt 0:02:19]} Qe3+ {[%emt 0:01:26]} 18. Kb1 {[%emt 0:04:07]} Qxc3 {[%emt 0:02:08]} 19. Nxh7+ {[%emt 0:02:34]} Ke8 {[%emt 0:00:47]} 20. Bb5+ {[%emt 0:04:41]} Bd7 {[%emt 0:04:28]} 21. Rd3 {[%emt 0:00:41]} Qxb4+ {[%emt 0:00:33]} 22. Rb3 {[%emt 0:00:39]} Qd4 {[%emt 0:01:20]} 23. Bxd7+ {[%emt 0:02:36]} Kxd7 {[%emt 0:00:07]} 24. Rxb7+ {[%emt 0:01:24]} Kc6 {[%emt 0:00:23]} 25. Rc7+ {[%emt 0:04:38]} Kb6 {[%emt 0:02:19]} 26. Rxe7 {[%emt 0:01:17]} Qb4+ {[%emt 0:00:11]} 27. Ka1 {[%emt 0:00:41]} Qc3+ {[%emt 0:00:38]} 28. Kb1 {[%emt 0:00:05]} Rb8 {[%emt 0:02:59]} 29. Nxf6 {[%emt 0:02:23]} Ka6+ {[%emt 0:00:53]} 30. Kc1 {[%emt 0:00:16]} Qxa3+ {[%emt 0:00:12]} 31. Kd2 {[%emt 0:00:32]} Qb4+ {[%emt 0:00:25]} 32. Ke2 {[%emt 0:02:13]} Nxe7 {[%emt 0:03:45]} 33. Qg7 {[%emt 0:02:41]} Nc6 {[%emt 0:01:03]} 34. Qxf7 {[%emt 0:01:05]} Nd4+ {[%emt 0:01:14]} 35. Kf2 {[%emt 0:01:00]} Qd2+ {[%emt 0:00:37]} 36. Kg3 {[%emt 0:00:25]} Qe3+ {[%emt 0:03:07]} 37. Kg4 {[%emt 0:00:28]} Qe2+ {[%emt 0:00:07]} 38. Kh3 {[%emt 0:00:47]} Rh8+ {[%emt 0:01:03]} 39. Nh7 {[%emt 0:00:08]} Qh5+ {[%emt 0:00:27]} 40. Kg3 {[%emt 0:00:07]} Rc8 {[%emt 0:01:12]} 41. Ng5 {[%emt 0:00:58]} Nf5+ {[%emt 0:00:38]} 42. Kf2 {[%emt 0:00:28]} Rxc2+ {[%emt 0:00:06]} 0-1

[Event "45th Olympiad Budapest 2024"]
[Site "Budapest"]
[Date "2024.09.13"]
[Round "3"]
[Board "1"]
[White "Stojkovska, Monika"]
[Black "Viana, Valeria"]
[Result "1-0"]
[WhiteElo "2043"]
[BlackElo "1882"]
[PlyCount "97"]
[EventDate "2024.09.11"]
[EventType "team-tourn"]
[EventRounds "11"]
[EventCountry "HUN"]
[WhiteTeam "North Macedonia"]
[BlackTeam "Honduras"]
[BlackTeamCountry "HON"]

1. e4 {[%emt 0:00:11]} c6 {[%emt 0:00:10]} 2. d4 {[%emt 0:00:14]} d5 {[%emt 0:00:15]} 3. e5 {[%emt 0:00:06]} c5 {[%emt 0:01:35]} 4. Nf3 {[%emt 0:00:06]} cxd4 {[%emt 0:00:08]} 5. Nxd4 {[%emt 0:00:04]} Nc6 {[%emt 0:00:06]} 6. Nxc6 {[%emt 0:00:51]} bxc6 {[%emt 0:00:09]} 7. Bd3 {[%emt 0:00:18]} e6 {[%emt 0:07:47]} 8. O-O {[%emt 0:00:50]} Ne7 {[%emt 0:00:31]} 9. Re1 {[%emt 0:00:56]} ({RR} 9. Nd2 a5 10. Nf3 Ba6 11. Bxa6 Rxa6 12. c4 Ng6 13. cxd5 cxd5 14. h4 h5 15. Be3 Be7 16. g3 O-O 17. Bd4 Rc6 18. Ne1 f6 19. Qxh5 Nxe5 20. Bxe5 fxe5 21. Qxe5 Bf6 22. Qe2 e5 23. Rd1 e4 {1-0 Ding Liren (2811)-Nihal,S (2670) chess.com SpeedChess 2022 (2.11)}) 9... Ng6 {[%emt 0:00:57]} 10. c3 {[%emt 0:03:00]} a5 {[%emt 0:05:01]} 11. Bc2 $146 {[%emt 0:09:07]} ({RR} 11. Nd2 Ba6 12. Bc2 Be7 13. Qg4 Qb6 14. Nf3 Bc5 15. Qg3 Bb5 16. Bd2 a4 17. b4 axb3 18. axb3 Rxa1 19. Rxa1 O-O 20. b4 Be7 21. h4 f5 22. h5 Nh8 23. Bh6 Rf7 24. Bxf5 c5 25. Ra8+ Bf8 {1-0 Remizov,Y (2437)-Zakhartsov,V (2525) TOP 28 Rapid GP 2023 (1.5)}) ({RR} 11. Nd2 Bc5 12. Nb3 Bb6 13. Be3 Bxe3 14. Rxe3 Qg5 15. Bxg6 hxg6 16. Qd4 a4 17. Qb6 Qd8 18. Qxd8+ Kxd8 19. Nc5 Ra5 20. b4 axb3 21. Nxb3 Ra3 22. Nd4 Bd7 23. h3 Kc7 24. Rf3 Rf8 25. Nc2 Ra4 {0-1 Shuvalova,P (2455)-Gunina,V (2437) Swiss Queens Wed #4 2024 (11.29)}) ({RR} 11. Qa4 Bd7 12. Nd2 Bc5 13. Nf3 Qb6 14. Re2 Be7 15. h4 h5 16. Bxg6 fxg6 17. Bg5 Bxg5 18. Nxg5 O-O 19. Rf1 Qb5 20. Qxb5 cxb5 21. f4 Rfc8 22. Rd1 b4 23. cxb4 axb4 24. b3 Ra6 25. Rd4 Rb6 {1-0 Shuvalova,P (2456)-Gunina,V (2437) Swiss Queens Wed #16 2024 (5.184)}) 11... Be7 {[%emt 0:05:27]} 12. Qg4 {[%emt 0:07:54]} Qc7 {[%emt 0:06:51]} 13. Nd2 {[%emt 0:09:09]} Bd7 {[%emt 0:07:48]} 14. Nf3 {[%emt 0:05:46]} O-O-O {[%emt 0:06:46]} 15. b4 {[%emt 0:08:46]} f5 {[%emt 0:06:29]} 16. Qd4 {[%emt 0:03:30]} c5 {[%emt 0:05:36]} 17. bxc5 {[%emt 0:01:52]} Qxc5 {[%emt 0:03:13]} 18. Bd3 {[%emt 0:06:21]} Qxd4 {[%emt 0:07:44]} 19. cxd4 {[%emt 0:08:43]} Bb4 {[%emt 0:04:10]} 20. Bd2 {[%emt 0:05:09]} Bxd2 {[%emt 0:04:57]} 21. Nxd2 {[%emt 0:00:07]} Ba4 {[%emt 0:01:46]} 22. Nb3 {[%emt 0:02:21]} Bxb3 {[%emt 0:04:03]} 23. axb3 {[%emt 0:00:05]} Kb7 {[%emt 0:00:53]} 24. Rxa5 {[%emt 0:00:20]} Rc8 {[%emt 0:08:12]} 25. Ba6+ {[%emt 0:12:46]} Kb6 {[%emt 0:00:34]} 26. Bxc8 {[%emt 0:00:41]} Kxa5 {[%emt 0:00:19]} 27. Bxe6 {[%emt 0:00:43]} Ne7 {[%emt 0:02:02]} 28. Rc1 {[%emt 0:01:51]} Kb6 {[%emt 0:00:37]} 29. Bd7 {[%emt 0:01:33]} Ra8 {[%emt 0:01:34]} 30. Ba4 {[%emt 0:00:13]} g5 {[%emt 0:02:17]} 31. Kf1 {[%emt 0:01:17]} h5 {[%emt 0:00:47]} 32. Ke2 {[%emt 0:06:01]} Rf8 {[%emt 0:01:11]} 33. Kd3 {[%emt 0:07:19]} f4 {[%emt 0:00:23]} 34. Bd7 {[%emt 0:00:45]} Ra8 {[%emt 0:01:11]} 35. Ba4 {[%emt 0:01:22]} Rf8 {[%emt 0:00:37]} 36. Rc5 {[%emt 0:00:25]} Rd8 {[%emt 0:01:17]} 37. Kc3 {[%emt 0:01:00]} g4 {[%emt 0:00:20]} 38. Rb5+ {[%emt 0:00:24]} Ka6 {[%emt 0:00:19]} 39. Kb4 {[%emt 0:01:00]} h4 {[%emt 0:00:15]} 40. Ra5+ {[%emt 0:00:46]} Kb6 {[%emt 0:00:21]} 41. Bb5 {[%emt 0:00:42]} Nf5 {[%emt 0:00:58]} 42. Ra6+ {[%emt 0:03:14]} Kb7 {[%emt 0:00:27]} 43. Kc5 {[%emt 0:05:29]} g3 {[%emt 0:01:39]} 44. fxg3 {[%emt 0:01:58]} h3 {[%emt 0:03:26]} 45. gxh3 {[%emt 0:01:03]} f3 {[%emt 0:00:21]} 46. Rf6 {[%emt 0:00:57]} Rc8+ {[%emt 0:00:26]} 47. Kxd5 {[%emt 0:01:59]} Rd8+ {[%emt 0:01:07]} 48. Ke4 {[%emt 0:01:00]} Nxd4 {[%emt 0:00:28]} 49. Bc4 {[%emt 0:00:39]} 1-0